|
|
|
|
| LEADER |
00998nam a2200265 u 4500 |
| 001 |
10010251 |
| 003 |
upatras |
| 005 |
20210117204247.0 |
| 008 |
881025s1997 us eng |
| 020 |
|
|
|a 0395776856
|
| 040 |
|
|
|a GR-PaULI
|c GR-PaULI
|
| 041 |
0 |
|
|a eng
|
| 082 |
0 |
4 |
|a 150
|
| 100 |
1 |
|
|a Biehler, Robert F.
|9 126207
|
| 245 |
1 |
0 |
|a Psychology applied to teaching
|c Robert F. Biehler, Jack Snowman
|
| 260 |
|
|
|a Boston
|b Houghton Mifflin Company
|c 1997
|
| 300 |
|
|
|a xxx, 597 p.
|c 29 cm
|
| 505 |
1 |
|
|a Includes sublect and author index and credits
|
| 650 |
|
4 |
|a Ψυχολογία
|9 23
|
| 650 |
|
4 |
|a Γνωστική ψυχολογία
|x Μάθηση
|9 42
|
| 700 |
1 |
|
|a Snowman, Jack
|9 126208
|
| 852 |
|
|
|a GR-PaULI
|b ΠΑΤΡΑ
|b ΒΚΠ
|b ΒΣ1
|k ΑΣΧΞ
|h 150 Β
|m 32410
|p 025000058679
|t 1
|
| 942 |
|
|
|2 ddc
|c BK15
|
| 952 |
|
|
|0 0
|1 0
|4 0
|6 150_000000000000000_Β
|7 0
|9 140026
|a LISP
|b LISP
|c BSC
|d 2016-04-24
|i 32410
|l 6
|m 2
|o 150 Β
|p 025000058679
|r 2018-11-20 00:00:00
|s 2018-11-20
|t 1
|w 2016-04-24
|y BK15
|
| 999 |
|
|
|c 91558
|d 91558
|